Manual del párroco americano : o instrucción teólogico-canónico-legal, dirigida al párroco americano, sus derechos, facultades y deberes y cuanto concierne al cabal desempeño del ministerio parroquial /
Estudio sobre los derechos y obligaciones de los párrocos durante la administración de la parroquia dirigido en primer término a los de la Iglesia de Chile y por extensión a los de América.
محفوظ في:
| المؤلف الرئيسي: | |
|---|---|
| التنسيق: | كتاب |
| اللغة: | الإسبانية |
| منشور في: |
París, Francia :
Librería de Rosa y Bouret,
1852
|
| الموضوعات: | |
| الوسوم: |
لا توجد وسوم, كن أول من يضع وسما على هذه التسجيلة!
|
MARC
| LEADER | 00000nam^a2200000^a^4500 | ||
|---|---|---|---|
| 001 | 000410763 | ||
| 005 | 20250526000000.0 | ||
| 009 | 20260310122055.929 | ||
| 037 | |a Acervo Xavier Clavigero | ||
| 041 | |a ESP | ||
| 082 | |a 254. |b DON | ||
| 100 | |a Donoso, Justo |e (autor) | ||
| 240 | 1 | 1 | |a [Manual del párroco americano] |
| 245 | 1 | 0 | |a Manual del párroco americano : |b o instrucción teólogico-canónico-legal, dirigida al párroco americano, sus derechos, facultades y deberes y cuanto concierne al cabal desempeño del ministerio parroquial / |c J. Donoso. |
| 264 | 1 | |a París, Francia : |b Librería de Rosa y Bouret, |c 1852 | |
| 300 | |a 497 p. ; |c 18.0 cm. | ||
| 336 | |a texto |b txt |2 rdacontenido | ||
| 337 | |a sin mediación |b n |2 rdamedio | ||
| 338 | |a volumen |b nc |2 rdasoporte | ||
| 520 | |a Estudio sobre los derechos y obligaciones de los párrocos durante la administración de la parroquia dirigido en primer término a los de la Iglesia de Chile y por extensión a los de América. | ||
| 561 | |a Ex libris de Biblioteca Juniorado San José | ||
| 561 | |a Ex libris de Instituto de Literatura Puente Grande, Jal. | ||
| 649 | |a XX | ||
| 650 | |a Ministros Religiosos | ||
| 650 | |a Iglesia Católica en Chile - |x Historia - |y Siglo XIX | ||
| 650 | |a Iglesia Católica en América - |x Historia - |y Siglo XIX | ||
| 650 | |a Parroquias - |z América - |x Administración - |x Tema Principal | ||
| 650 | |a Catolicismo - |z América - |x Historia | ||
| 650 | |a Cristianismo - |z América - |x Historia | ||
| 650 | |a Religión - |z América - |x Historia | ||
| 910 | |a Fondo General | ||
| 920 | |a Impresos - Libros | ||
| 930 | |a Libros Antiguos y Raros | ||
| 905 | |a 108 | ||
| 901 | |a 0500320016 |b IT2 |c LRA |u 20250526 | ||
| 902 | |a https://opac.biblio.iteso.mx/vufind/Record/000410763 | ||